Memoria leída en la Junta General de Accionistas celebrada el día 19 de enero de 1859, y presidida por el marqués de la Vega de Armijo / (Record no. 46036)

MARC details
000 -LEADER
campo de control de longitud fija 00815nam a2200205 i 4500
001 - NÚMERO DE CONTROL
campo de control 46036
003 - IDENTIFICADOR DE NÚMERO DE CONTROL
campo de control ES-MaACL
005 - FECHA Y HORA DE LA ÚLTIMA TRANSACCIÓN
campo de control 20231204184345.0
007 - CAMPO FIJO DE DESCRIPCIÓN FÍSICA--INFORMACIÓN GENERAL
campo de control de longitud fija t|
008 - DATOS DE LONGITUD FIJA--INFORMACIÓN GENERAL
campo de control de longitud fija 030327s1859 sp ||||1| spa d
110 2# - ENTRADA PRINCIPAL--NOMBRE DE ENTIDAD CORPORATIVA
Nombre de entidad corporativa o nombre de jurisdicción como elemento de entrada Compañia de los Caminos de Hierro del Norte de España.
9 (RLIN) 3117
245 10 - MENCIÓN DEL TÍTULO
Título Memoria leída en la Junta General de Accionistas celebrada el día 19 de enero de 1859, y presidida por el marqués de la Vega de Armijo /
Mención de responsabilidad, etc. Compañía de los Caminos de Hierro del Norte de España.
260 ## - PUBLICACIÓN, DISTRIBUCIÓN, ETC.
Lugar de publicación, distribución, etc. Madrid :
Nombre del editor, distribuidor, etc. [s.n.],
Fecha de publicación, distribución, etc. 1859 (
Fabricante Rivadeneyra)
300 ## - DESCRIPCIÓN FÍSICA
Extensión 8 p. ;
Dimensiones 23 cm.
700 1# - ENTRADA AGREGADA--NOMBRE PERSONAL
Nombre de persona Aguilar y Correa, Antonio,
Títulos y otros términos asociados al nombre Marqués de la Vega de Armijo,
Fechas asociadas al nombre 1824-1908
9 (RLIN) 18751
852 4# - LOCALIZACIÓN
Ubicación ES-MaACL
Número de control de estantería T-10-F-9
852 4# - LOCALIZACIÓN
Ubicación ES-MaACL
Número de control de estantería T-53-F-8
852 4# - LOCALIZACIÓN
Ubicación ES-MaACL
Número de control de estantería T-60-F-6
Holdings
Estatus retirado Estado de pérdida Estado de daño No para préstamo Colección Biblioteca de origen Biblioteca actual Ubicación en estantería Fecha de adquisición Fuente de adquisición Total de préstamos Signatura topográfica completa Código de barras Visto por última vez Precio de reemplazo Tipo de ítem Koha
        Colección de folletos Biblioteca del Ateneo de Madrid Biblioteca del Ateneo de Madrid Depósito folletos 31/03/2005     T-53-F-8 1201770 23/02/2023 23/02/2023 Folleto
        Colección de folletos Biblioteca del Ateneo de Madrid Biblioteca del Ateneo de Madrid Depósito folletos 17/01/2008     T-10-F-9 1048431 23/02/2023 23/02/2023 Folleto
        Colección de folletos Biblioteca del Ateneo de Madrid Biblioteca del Ateneo de Madrid Depósito folletos 11/07/2005     T-60-F-6 1202304 23/02/2023 23/02/2023 Folleto